[Event "WCCC U10 2019"]
[Site "Weifang"]
[Date "2019.08.30"]
[Round "9.1"]
[White "Sodbilegt, Naranbold"]
[Black "Ilamparthi A R"]
[Result "1/2-1/2"]
[WhiteElo "1458"]
[BlackElo "1984"]
[Annotator "NA RC"]
[PlyCount "88"]
[EventDate "2019.08.21"]
[EventType "swiss"]
[EventCountry "CHN"]
[SourceTitle "playchess.com"]
[Source "ChessBase"]
[SourceQuality "1"]
[TimeControl "40/5400+30:1800+30"]

{[%evp 12,86,72,32767,32767,32767,47,45,53,32767,82,40,59,99,80,78,128,122,178,148,168,32767,32767,203,195,197,221,212,204,84,95,131,32767,57,60,21,12,17,0,1,39,14,26,29,32767,27,18,32767,0,0,58,4,32767,32767,32767,32767,32767,32767,0,-36,32767,32767,0,-54,0,0,0,0,0,0,0,0,0,0,0,0,0]} 1. d4 {[%emt 0:00:00]} Nf6 {[%emt 0:00:00]} 2. c4 {[%emt 0:00:00]} d6 {[%emt 0:00:00]} 3. Nc3 {[%emt 0:00:17]} g6 {[%emt 0:00:07]} 4. e4 {[%emt 0:00:16]} Bg7 {[%emt 0:00:05]} 5. Nf3 {[%emt 0:00:06]} O-O {[%emt 0:00:10]} 6. Be2 {[%emt 0:00:17]} Nc6 {[%emt 0:00:43]} 7. d5 {[%emt 0:05:09]} Nb8 {[%emt 0:00:15]} 8. Be3 {[%emt 0:01:07] E91: King's Indian: Classical: 6 Be2, unusual replies including 6...c5 and 6...Bg4} (8. h3 a5 9. O-O Na6 10. Be3 Nd7 11. Nd4 Ndc5 12. Qd2 e5 13. dxe6 fxe6 14. Ndb5 b6 15. Rad1 Bb7 16. f3 {0-1 (52) Andersen,M (2605)-Iniyan,P (2462) Boeblingen 2018}) 8... a5 {[%emt 0:01:45]} 9. O-O {[%emt 0:01:53]} Na6 {[%emt 0:01:37]} 10. Nd2 {[%emt 0:06:18]} e5 {[%emt 0:03:53]} 11. a3 {[%emt 0:04:13]} Ne8 {[%emt 0:03:30]} 12. b4 {[%emt 0:02:12]} f5 {[%emt 0:00:06]} 13. f3 {[%emt 0:01:13]} f4 {[%emt 0:00:10]} (13... b6 $142) 14. Bf2 {[%emt 0:00:10]} g5 $146 {[%emt 0:00:10]} ({Predecessor:} 14... axb4 15. axb4 Bd7 {1-0 (32) Duarte,F-Mercadante,R Tijuca 1978}) 15. c5 {[%emt 0:03:23]} h5 {[%emt 0:12:42]} 16. Nc4 {[%emt 0:04:38]} Rf6 {[%emt 0:01:49]} 17. cxd6 {[%emt 0:07:03]} cxd6 {[%emt 0:00:16]} 18. Nb6 {[%emt 0:03:36]} Rb8 {[%emt 0:00:46]} 19. bxa5 {[%emt 0:03:03]} Rg6 {[%emt 0:01:03]} 20. h3 {[%emt 0:08:31]} (20. Nca4 $18 {is more deadly.}) 20... Nf6 {[%emt 0:04:20]} 21. Nxc8 {[%emt 0:08:38]} Rxc8 {[%emt 0:00:10] [#]} 22. Rc1 {[%emt 0:03:19]} ({White should play} 22. Na4 $1 $16) 22... g4 {[%emt 0:09:33]} 23. fxg4 {[%emt 0:02:41]} (23. Bb6 $5 {[%cal Rb6d8]} Qd7 24. Bb5 $16) 23... hxg4 {[%emt 0:00:06]} 24. Bxg4 {[%emt 0:00:53]} Nxg4 {[%emt 0:00:06]} 25. hxg4 {[%emt 0:00:25]} Qd7 {[%emt 0:01:23]} 26. Qe2 {[%emt 0:05:48]} Rf8 {[%emt 0:02:34]} 27. Bb6 {[%emt 0:02:34]} Rxg4 {[%emt 0:01:05]} 28. Rf3 {[%emt 0:02:03]} Rf6 {[%emt 0:00:59]} 29. Rc2 {[%emt 0:03:16]} Rh6 {[%emt 0:01:58]} 30. Nd1 {[%emt 0:03:00]} Bf6 {[%emt 0:01:30]} (30... Bf8 $11) 31. Nf2 {[%emt 0:01:54]} ({White should play} 31. Qc4 $16) 31... Rgg6 {[%emt 0:05:16]} 32. Rcc3 {[%emt 0:03:54]} Bh4 {[%emt 0:03:05]} 33. Rh3 {[%emt 0:03:20]} Qg7 {[%emt 0:07:26]} 34. Qf3 {[%emt 0:02:56]} Rxg2+ {[%emt 0:05:46]} 35. Kf1 {[%emt 0:03:42]} Rg3 {[%emt 0:03:38]} 36. Rxg3 {[%emt 0:00:45]} Bxg3 {[%emt 0:00:10]} 37. Ke2 {[%emt 0:02:17]} Nc5 {[%emt 0:06:45]} 38. Bxc5 {[%emt 0:02:34]} dxc5 {[%emt 0:00:05]} 39. Qg4 {[%emt 0:00:39]} ({Avoid the trap} 39. Rxc5 $2 Rh2 $19) 39... Rh2 {[%emt 0:00:44]} 40. Qc8+ {[%emt 0:00:39]} Kh7 {[%emt 0:00:16]} 41. Rb3 {[%emt 0:07:25]} Rxf2+ {[%emt 0:05:09]} 42. Kd1 $1 {[%emt 0:00:51]} Rf1+ {[%emt 0:01:09]} 43. Kc2 {[%emt 0:01:00]} Rf2+ $11 {[%emt 0:00:13]} 44. Kd1 {[%emt 0:01:42]} Rf1+ {[%emt 0:00:08]} 1/2-1/2

[Event "WCCC U10 2019"]
[Site "Weifang"]
[Date "2019.08.30"]
[Round "9.2"]
[White "Materia, Marco"]
[Black "Wei, Jianzhou"]
[Result "0-1"]
[WhiteElo "2236"]
[BlackElo "1656"]
[Annotator "TA"]
[PlyCount "78"]
[EventDate "2019.08.21"]
[EventType "swiss"]
[EventCountry "CHN"]
[SourceTitle "playchess.com"]
[Source "ChessBase"]
[SourceQuality "1"]

{[%evp 18,118,20,14,20,12,34,28,34,31,18,26,58,53,59,67,89,99,95,89,191,188,167,131,168,0,0,0,763,739,775,516,673,-71,-75,-79,-72,-69,-67,-67,-31,-31,-31,-61,-37,-86,-86,-121,-126,-126,-123,-266,-271,-991,-991,-902,-678,-650,-814,-820,-822,-818,-818,-804,-806,-976,-794,-793,-783,-742,-700,-6242,-6242,-5325,-5289,-29966,-29970,-29980,-29975,-29981,-29982,-29982,-29983,-29983,-29983,-29984,-29985,-29985,-29986,-29986,-29987,-29986,-29987,-29987,-29988,-29988,-29989,-29989,-29990,-29990,-29991,-29991,-29992]} 1. d4 d5 2. c4 c6 3. Nc3 e6 4. e3 Nf6 5. Nf3 Nbd7 6. Qc2 b6 7. Bd3 Bb7 8. b3 Be7 9. O-O O-O 10. Bb2 h6 {D46: Semi-Slav: 5 e3 Nbd7 6 Bd3, Black avoids the Meran} 11. Qe2 dxc4 12. bxc4 c5 {White has an edge.} 13. Rad1 cxd4 14. exd4 Re8 15. Ne5 {[#]} Rc8 $146 ({Predecessor:} 15... Nxe5 16. dxe5 Nd7 17. Nb5 Qc8 18. Qg4 Qc6 19. Nd6 Bxd6 20. exd6 e5 21. f4 Rad8 22. Qg3 f6 23. fxe5 {½-½ (23) Dautov,R (2623)-Istratescu,A (2616) Switzerland 2007}) 16. f4 Qc7 17. Nb5 Qb8 18. f5 Nf8 (18... Bf8 $16) 19. fxe6 $18 Nxe6 20. Bf5 a6 21. d5 $2 ({White has to play} 21. Nxf7 $1 $18 Nf8 22. Be6 (22. Bxc8 Qxc8 23. Na7 Qb8 $11) 22... axb5 23. Nxh6+ Kh7 24. Nf7 Nxe6 25. Qxe6) 21... Bc5+ $11 22. Kh1 axb5 $2 {[%mdl 8192]} (22... Nf8 $11 23. d6 (23. Bxc8 Bxc8 24. Qf3 axb5 $15) 23... axb5) 23. dxe6 $18 fxe6 24. Bg6 Rf8 {[#]} 25. Rxf6 $2 (25. Bf7+ $1 $18 {[%mdl 512]} Kh7 (25... Rxf7 26. Nxf7) 26. Rxf6 $1 {[%mdl 512]}) 25... Rxf6 $17 {[#]} (25... gxf6 $2 {perishes.} 26. Rd7 $18) 26. Bf7+ $1 {[%mdl 512]} Rxf7 27. Nxf7 Qf4 $1 {[%cal Rf4f7]} ({But not} 27... Kxf7 $2 28. Rd7+ Be7 29. Qh5+ g6 30. Qh4 $18) 28. Nd8 {[%mdl 64] Double Attack} Bd5 (28... Qe4 $5 {[%cal Re4e2]} 29. Qf1 Rc7 30. Nxb7 Rxb7 31. cxb5 Rf7 $17) 29. cxd5 Rxd8 30. Qxe6+ Kh7 $1 31. Qe5 {[%csl Gb2][%cal Re5g7]} Qg4 $1 $40 {[%cal Rg4d1][%mdl 128] Black wants a kill.} 32. Re1 {[#]} Rf8 $1 {[%cal Rf8f2] Hoping for ...Rf2.} 33. h3 Qg6 {White must now prevent ...Rf2.} 34. Bd4 {[#]} (34. Qe6 $17) 34... Rf5 $1 $19 {[%cal Rf5e5]} 35. Qe4 $2 {[#]} (35. Qe3 Rxd5 36. Bxc5 bxc5 37. Qe6) 35... Rf1+ $1 {[%mdl 512]} 36. Kh2 (36. Rxf1 Qxe4) 36... Rxe1 {[%mdl 64] Overworked Piece} 37. Qxe1 Bxd4 38. Kh1 Qf5 39. d6 Qd3 {Played: Qf5-d5} 0-1

[Event "WCCC U10 2019"]
[Site "Weifang"]
[Date "2019.08.30"]
[Round "9.3"]
[White "Wongso, Steve"]
[Black "Vetokhin, Savva"]
[Result "0-1"]
[WhiteElo "1765"]
[BlackElo "2016"]
[Annotator "NA"]
[PlyCount "76"]
[EventDate "2019.08.21"]
[EventType "swiss"]
[EventCountry "CHN"]
[SourceTitle "playchess.com"]
[Source "ChessBase"]
[SourceQuality "1"]
[TimeControl "40/5400+30:1800+30"]

{[%evp 10,62,3,4,-7,0,3,-14,32767,32767,32767,32767,89,132,92,32767,59,43,18,24,32767,32767,32767,-51,-57,-66,233,-25,-44,-115,32767,-110,32767,-156,-113,32767,-109,-150,-138,-232,-251,-229,32767,-243,-234,-254,-243,-281,-326,-469,-371,-395,-362,-360,-317]} 1. d4 {[%emt 0:00:00]} Nf6 {[%emt 0:00:00]} 2. c4 {[%emt 0:00:00]} e6 {[%emt 0:00:06]} 3. Nc3 {[%emt 0:00:06]} Bb4 {[%emt 0:00:06]} 4. e3 {[%emt 0:00:24]} O-O {[%emt 0:00:24]} 5. Bd3 {[%emt 0:00:29]} c5 {[%emt 0:00:48]} 6. a3 {[%emt 0:00:45]} Bxc3+ {[%emt 0:00:05]} 7. bxc3 {[%emt 0:00:04]} b6 {[%emt 0:00:15] E28: Nimzo-Indian: Sämisch: 5...0-0 6 e3} (7... Nc6 8. Ne2 b6 9. O-O Ba6 10. e4 Ne8 11. Ng3 Na5 12. f4 f6 13. f5 Bxc4 14. Bxc4 Nxc4 15. Rf4 cxd4 16. Rh4 dxc3 17. Qh5 Qc7 18. Qxh7+ Kf7 19. Qh5+ Ke7 {0-1 (39) Flores,D (2580)-Bu,X (2710) Tbilisi 2017}) 8. Nf3 {[%emt 0:00:14]} Ba6 {[%emt 0:00:28]} 9. O-O {[%emt 0:11:34]} d6 {[%emt 0:10:13]} 10. e4 $146 {[%emt 0:00:52]} ({Predecessor:} 10. Qc2 Nbd7 11. e4 e5 12. Bg5 h6 13. Bxf6 Qxf6 14. h4 cxd4 15. cxd4 exd4 16. Rfe1 {0-1 (39) Nunes Caceres,J (1800)-Fontoura,A (2051) Ladario 2013}) 10... d5 {[%emt 0:14:37]} (10... cxd4 $11 {remains equal.} 11. cxd4 d5) 11. e5 {[%emt 0:01:44]} Ne4 {[%emt 0:00:48]} 12. Qc2 {[%emt 0:01:21]} h6 {[%emt 0:27:08]} 13. Bxe4 {[%emt 0:20:04]} dxe4 {[%emt 0:00:06]} 14. Qxe4 {[%emt 0:00:07]} Qc7 {[%emt 0:01:09]} 15. Rd1 {[%emt 0:09:38]} cxd4 {[%emt 0:01:03] [#]} 16. Rxd4 $2 {[%emt 0:09:01]} ({Weaker is} 16. Qxa8 Nc6 $15) (16. Bxh6 $1 $18 gxh6 17. Qg4+ Kh8 {[#]} 18. Qh4 $1 {[%mdl 512]}) 16... Nc6 {[%emt 0:01:43]} 17. Rd6 {[%emt 0:00:37]} Na5 $2 {[%emt 0:00:24] [#]} (17... Ne7 $15 {stays ahead.}) 18. Qg4 $2 {[%emt 0:04:41]} (18. Bxh6 $1 $18 {[%mdl 512]} gxh6 19. Qg4+ Kh8 {[#]} 20. Qh4 $1 {[%mdl 512]}) 18... Qxc4 {[%emt 0:00:53]} ({Worse is} 18... Nxc4 {[#]} 19. Bxh6 $1 {[%mdl 512]} f5 20. exf6 $1 $16 {[%mdl 512]}) 19. Qxc4 {[%emt 0:00:36]} ({White should try} 19. Bf4 $1 $15 Nb3 20. Rad1) 19... Nxc4 {[%emt 0:00:32]} 20. Rd4 {[%emt 0:00:28]} Na5 {[%emt 0:01:23]} 21. Rb1 {[%emt 0:02:24]} Rac8 {[%emt 0:00:42]} 22. Bd2 {[%emt 0:02:22]} Rfd8 {[%emt 0:00:52]} 23. h3 {[%emt 0:02:33]} Nc4 {[%emt 0:00:13]} 24. Rb4 {[%emt 0:00:36] [#]} (24. Rxd8+ $17 Rxd8 25. Bf4) 24... Rxd4 $1 {[%emt 0:00:37]} ({Avoid the trap} 24... Nxa3 $2 25. Ra4 $18 {[%mdl 64] Double Attack}) 25. cxd4 {[%emt 0:00:11]} Bb7 {[%emt 0:00:12]} 26. Be3 {[%emt 0:01:22]} Bxf3 {[%emt 0:00:10]} 27. gxf3 {[%emt 0:00:17]} Nxa3 {[%emt 0:00:22]} 28. Rb3 {[%emt 0:00:46]} Nc4 {[%emt 0:00:11]} 29. Rc3 {[%emt 0:00:06]} (29. Kf1 $142) 29... Kf8 {[%emt 0:00:36]} 30. Kf1 {[%emt 0:02:04]} Ke8 $19 {[%emt 0:00:34]} 31. Ke2 {[%emt 0:00:10]} Kd7 {[%emt 0:00:07]} 32. Rb3 {[%emt 0:04:16]} a5 {[%emt 0:01:22]} 33. d5 {[%emt 0:00:07]} exd5 {[%emt 0:00:10]} 34. Rb5 {[%emt 0:00:19]} Kc6 {[%emt 0:00:03]} 35. Rb1 {[%emt 0:00:06]} b5 {[%emt 0:00:13]} 36. Bd4 {[%emt 0:00:25]} b4 {[%emt 0:00:14]} 37. Kd3 {[%emt 0:00:16]} Kb5 {[%emt 0:00:18]} 38. Bc3 {[%emt 0:01:20]} Na3 {[%emt 0:00:09]} 0-1

[Event "WCCC U10 2019"]
[Site "Weifang"]
[Date "2019.08.30"]
[Round "9.4"]
[White "Mayank Chakraborty"]
[Black "Efimov, Leonid"]
[Result "0-1"]
[WhiteElo "1731"]
[BlackElo "1773"]
[Annotator "NA"]
[PlyCount "106"]
[EventDate "2019.08.21"]
[EventType "swiss"]
[EventCountry "CHN"]
[SourceTitle "playchess.com"]
[Source "ChessBase"]
[SourceQuality "1"]
[TimeControl "40/5400+30:1800+30"]

1. e4 {[%emt 0:00:00]} c5 {[%emt 0:00:00]} 2. Nf3 {[%emt 0:00:00]} d6 {[%emt 0:00:07]} 3. Bb5+ {[%emt 0:00:00]} Bd7 {[%emt 0:00:13]} 4. Bxd7+ {[%emt 0:00:03]} Qxd7 {[%emt 0:00:13]} 5. c4 {[%emt 0:00:08]} Nf6 {[%emt 0:00:28]} 6. Nc3 {[%emt 0:00:07]} g6 {[%emt 0:00:32]} 7. d4 {[%emt 0:00:10]} cxd4 {[%emt 0:00:08]} 8. Nxd4 {[%emt 0:00:09]} Bg7 {[%emt 0:00:35]} 9. f3 {[%emt 0:00:11]} O-O {[%emt 0:00:31]} 10. Be3 {[%emt 0:00:31]} Nc6 {[%emt 0:00:30]} 11. O-O {[%emt 0:00:11]} e6 {[%emt 0:00:38]} 12. Rc1 {[%emt 0:03:19]} Rfd8 {[%emt 0:00:39]} 13. b3 {[%emt 0:04:01]} a6 {[%emt 0:03:48]} 14. Qd2 {[%emt 0:13:06]} b5 {[%emt 0:04:44]} 15. Nxc6 {[%emt 0:02:36]} Qxc6 {[%emt 0:01:08]} 16. cxb5 {[%emt 0:00:13]} axb5 {[%emt 0:02:30]} 17. Nd5 {[%emt 0:05:10]} Qb7 {[%emt 0:06:00]} 18. Rc7 {[%emt 0:01:06]} Qb8 {[%emt 0:01:13]} 19. Nxf6+ {[%emt 0:02:43]} Bxf6 {[%emt 0:01:31]} 20. Rfc1 {[%emt 0:07:14]} b4 {[%emt 0:09:35]} 21. Qf2 {[%emt 0:01:34]} Bc3 {[%emt 0:01:57]} 22. Rc4 {[%emt 0:39:51]} d5 {[%emt 0:02:43]} 23. exd5 {[%emt 0:00:00]} exd5 {[%emt 0:23:35]} 24. Rh4 {[%emt 0:00:00]} Bf6 {[%emt 0:04:39]} 25. Rg4 {[%emt 0:00:00]} h5 {[%emt 0:02:09]} 26. Rf4 {[%emt 0:00:00]} Bg5 {[%emt 0:08:26]} 27. Rd4 {[%emt 0:00:00]} Rxa2 {[%emt 0:04:47]} 28. Rd2 {[%emt 0:00:00]} Bxe3 {[%emt 0:05:16]} 29. Qxe3 {[%emt 0:00:00]} Rxd2 {[%emt 0:00:48]} 30. Qxd2 {[%emt 0:00:00]} Qa7+ {[%emt 0:01:21]} 31. Kf1 {[%emt 0:00:00]} Qb8 {[%emt 0:03:23]} 32. g3 {[%emt 0:01:01]} Qb5+ {[%emt 0:02:38]} 33. Qe2 {[%emt 0:05:01]} Qd7 {[%emt 0:02:08]} 34. Qd2 {[%emt 0:02:56]} h4 {[%emt 0:00:44]} 35. Kg2 {[%emt 0:00:39]} Qb5 {[%emt 0:02:07]} 36. Rc2 {[%emt 0:05:58]} hxg3 {[%emt 0:02:30]} 37. hxg3 {[%emt 0:00:24]} d4 {[%emt 0:01:04]} 38. Rc4 {[%emt 0:00:24]} d3 {[%emt 0:00:09]} 39. Rh4 {[%emt 0:00:38]} g5 {[%emt 0:02:38]} 40. Rg4 {[%emt 0:00:42]} f6 {[%emt 0:00:10]} 41. Rxb4 {[%emt 0:31:26]} Qa5 {[%emt 0:04:36]} 42. Qe1 {[%emt 0:00:00]} Qd5 {[%emt 0:05:09]} 43. Re4 {[%emt 0:00:00]} d2 {[%emt 0:05:14]} 44. Re8+ {[%emt 0:00:00]} Rxe8 {[%emt 0:00:04]} 45. Qxe8+ {[%emt 0:00:00]} Kg7 {[%emt 0:00:12]} 46. Qe7+ {[%emt 0:00:00]} Kg6 {[%emt 0:00:37]} 47. Qe8+ {[%emt 0:00:00]} Kf5 {[%emt 0:00:58]} 48. Qc8+ {[%emt 0:00:00]} Ke5 {[%emt 0:00:43]} 49. Qc7+ {[%emt 0:03:47]} Ke6 {[%emt 0:03:03]} 50. Qc8+ {[%emt 0:00:32]} Ke7 {[%emt 0:00:27]} 51. Qc7+ {[%emt 0:00:18]} Qd7 {[%emt 0:00:13]} 52. Qc5+ {[%emt 0:00:19]} Kf7 {[%emt 0:00:10]} 53. Qc4+ {[%emt 0:00:09]} Kg7 {[%emt 0:00:08]} 0-1

[Event "WCCC U10 2019"]
[Site "Weifang"]
[Date "2019.08.30"]
[Round "9.5"]
[White "Mamedov, Edgar"]
[Black "Meng, Yihan"]
[Result "0-1"]
[WhiteElo "1714"]
[BlackElo "1793"]
[Annotator "NA"]
[PlyCount "116"]
[EventDate "2019.08.21"]
[EventType "swiss"]
[EventCountry "CHN"]
[SourceTitle "playchess.com"]
[Source "ChessBase"]
[SourceQuality "1"]
[TimeControl "40/5400+30:1800+30"]

1. d4 {[%emt 0:00:00]} Nf6 {[%emt 0:00:00]} 2. Nf3 {[%emt 0:00:35]} g6 {[%emt 0:00:01]} 3. c3 {[%emt 0:00:13]} Bg7 {[%emt 0:00:38]} 4. h3 {[%emt 0:00:29]} d6 {[%emt 0:00:47]} 5. Bf4 {[%emt 0:00:21]} Nbd7 {[%emt 0:01:08]} 6. e3 {[%emt 0:00:10]} O-O {[%emt 0:00:49]} 7. Bc4 {[%emt 0:00:07]} b6 {[%emt 0:02:15]} 8. O-O {[%emt 0:02:44]} Bb7 {[%emt 0:00:33]} 9. a4 {[%emt 0:00:14]} a6 {[%emt 0:01:40]} 10. Nbd2 {[%emt 0:05:08]} Re8 {[%emt 0:01:09]} 11. Bh2 {[%emt 0:07:53]} e5 {[%emt 0:01:04]} 12. Bg3 {[%emt 0:09:36]} e4 {[%emt 0:03:47]} 13. Ne1 {[%emt 0:00:50]} d5 {[%emt 0:00:21]} 14. Be2 {[%emt 0:00:12]} h6 {[%emt 0:01:24]} 15. c4 {[%emt 0:07:20]} a5 {[%emt 0:02:04]} 16. Nc2 {[%emt 0:05:59]} dxc4 {[%emt 0:01:23]} 17. Nxc4 {[%emt 0:09:11]} Nd5 {[%emt 0:01:37]} 18. N2a3 {[%emt 0:03:22]} f5 {[%emt 0:03:21]} 19. Nb5 {[%emt 0:00:50]} Rf8 {[%emt 0:00:59]} 20. Qb3 {[%emt 0:03:04]} Kh7 {[%emt 0:00:54]} 21. Rac1 {[%emt 0:05:35]} f4 {[%emt 0:04:43]} 22. exf4 {[%emt 0:01:24]} Nxf4 {[%emt 0:00:27]} 23. Bxf4 {[%emt 0:01:14]} Rxf4 {[%emt 0:00:11]} 24. Ne3 {[%emt 0:01:21]} c6 {[%emt 0:11:27]} 25. Nd6 {[%emt 0:01:24]} Qb8 {[%emt 0:01:04]} 26. Nxb7 {[%emt 0:00:30]} Qxb7 {[%emt 0:00:02]} 27. d5 {[%emt 0:02:21]} c5 {[%emt 0:06:10]} 28. Qb5 {[%emt 0:03:59]} Bd4 {[%emt 0:01:35]} 29. d6 {[%emt 0:03:21]} Raf8 {[%emt 0:01:23]} 30. Qb3 {[%emt 0:03:11]} R4f6 {[%emt 0:04:49]} 31. Bc4 {[%emt 0:01:49]} Qb8 {[%emt 0:04:08]} 32. Qc2 {[%emt 0:04:43]} Rxf2 {[%emt 0:01:57]} 33. Qxf2 {[%emt 0:02:01]} Rxf2 {[%emt 0:00:06]} 34. Kxf2 {[%emt 0:00:06]} Qxd6 {[%emt 0:00:07]} 35. Ke2 {[%emt 0:01:04]} Bxe3 {[%emt 0:00:20]} 36. Kxe3 {[%emt 0:00:39]} Qd4+ {[%emt 0:00:46]} 37. Ke2 {[%emt 0:02:20]} Qxb2+ {[%emt 0:00:13]} 38. Ke3 {[%emt 0:00:25]} Ne5 {[%emt 0:00:47]} 39. Be2 {[%emt 0:01:31]} Qd4+ {[%emt 0:02:24]} 40. Kf4 {[%emt 0:00:06]} Nd3+ {[%emt 0:05:52]} 41. Bxd3 {[%emt 0:33:48]} exd3+ {[%emt 0:30:03]} 42. Kg3 {[%emt 0:03:02]} d2 {[%emt 0:00:07]} 43. Rf7+ {[%emt 0:00:00]} Kg8 {[%emt 0:00:00]} 44. Rcf1 {[%emt 0:00:00]} Qd6+ {[%emt 0:00:00]} 45. Kh4 {[%emt 0:00:00]} d1=Q {[%emt 0:00:00]} 46. Rf8+ {[%emt 0:00:00]} Qxf8 {[%emt 0:00:00]} 47. Rxf8+ {[%emt 0:00:00]} Kxf8 {[%emt 0:00:00]} 48. Kg3 {[%emt 0:00:00]} c4 {[%emt 0:00:00]} 49. Kh2 {[%emt 0:00:00]} c3 {[%emt 0:00:00]} 50. h4 {[%emt 0:00:00]} c2 {[%emt 0:00:00]} 51. h5 {[%emt 0:00:00]} g5 {[%emt 0:00:00]} 52. g4 {[%emt 0:00:00]} c1=Q {[%emt 0:00:00]} 53. Kg2 {[%emt 0:00:00]} Qxg4+ {[%emt 0:00:00]} 54. Kf2 {[%emt 0:00:00]} Qxh5 {[%emt 0:00:00]} 55. Kg2 {[%emt 0:00:00]} Qg4+ {[%emt 0:00:00]} 56. Kf2 {[%emt 0:00:00]} Qxa4 {[%emt 0:00:00]} 57. Kg2 {[%emt 0:00:00]} Qaf4 {[%emt 0:00:00]} 58. Kh3 {[%emt 0:00:00]} Qh1# {[%emt 0:00:00]} 0-1

[Event "WCCC U10 2019"]
[Site "Weifang"]
[Date "2019.08.30"]
[Round "9.8"]
[White "Sithisak, William"]
[Black "Sodbileg, Uranjargal"]
[Result "0-1"]
[WhiteElo "1632"]
[BlackElo "1419"]
[Annotator "NA RC"]
[PlyCount "72"]
[EventDate "2019.08.21"]
[EventType "swiss"]
[EventCountry "CHN"]
[SourceTitle "playchess.com"]
[Source "ChessBase"]
[SourceQuality "1"]
[TimeControl "40/5400+30:1800+30"]

1. d4 {[%emt 0:00:00]} Nf6 {[%emt 0:00:00]} 2. c4 {[%emt 0:00:00]} e6 {[%emt 0:00:00]} 3. Nc3 {[%emt 0:00:00]} Bb4 {[%emt 0:00:02]} 4. Bg5 {[%emt 0:00:00]} d5 {[%emt 0:01:25]} 5. cxd5 {[%emt 0:00:43]} exd5 {[%emt 0:00:21]} 6. e3 {[%emt 0:00:37]} O-O {[%emt 0:00:14]} 7. Bd3 {[%emt 0:00:31]} b6 {[%emt 0:01:23]} 8. Nge2 {[%emt 0:03:27]} h6 {[%emt 0:00:38]} 9. Bh4 {[%emt 0:00:48]} Bb7 {[%emt 0:01:00]} 10. O-O {[%emt 0:01:32]} Nbd7 {[%emt 0:02:49]} 11. Rc1 {[%emt 0:00:49]} c5 {[%emt 0:02:31]} 12. a3 {[%emt 0:01:20]} Bxc3 {[%emt 0:00:18]} 13. Rxc3 {[%emt 0:03:14]} c4 {[%emt 0:00:39]} 14. Bb1 {[%emt 0:00:25]} Qe8 {[%emt 0:01:38]} 15. Bg3 {[%emt 0:05:22]} Qe7 {[%emt 0:01:20]} 16. f3 {[%emt 0:02:22]} b5 {[%emt 0:01:54]} 17. Bf2 {[%emt 0:04:00]} a5 {[%emt 0:00:33]} 18. e4 {[%emt 0:07:30]} dxe4 {[%emt 0:01:38]} 19. fxe4 {[%emt 0:00:06]} Nxe4 {[%emt 0:00:35]} 20. Re3 {[%emt 0:00:11]} f5 {[%emt 0:00:45]} 21. Nc3 {[%emt 0:09:17]} Ndf6 {[%emt 0:02:22]} 22. Rfe1 {[%emt 0:03:38]} Qd7 {[%emt 0:00:39]} 23. Bxe4 {[%emt 0:07:07]} fxe4 {[%emt 0:01:24]} 24. d5 {[%emt 0:00:27]} Ng4 {[%emt 0:05:11]} 25. R3e2 {[%emt 0:02:50]} Nxf2 {[%emt 0:00:53]} 26. Rxf2 {[%emt 0:00:06]} Rxf2 {[%emt 0:00:09]} 27. Kxf2 {[%emt 0:00:05]} Rf8+ {[%emt 0:00:15]} 28. Kg1 {[%emt 0:00:14]} b4 {[%emt 0:01:07]} 29. Nxe4 {[%emt 0:02:38]} Bxd5 {[%emt 0:00:19]} 30. Re2 {[%emt 0:02:47]} Kh8 {[%emt 0:01:53]} 31. Rd2 {[%emt 0:02:18]} Qa7+ {[%emt 0:00:13]} 32. Nf2 {[%emt 0:00:51]} c3 {[%emt 0:00:20]} 33. Re2 {[%emt 0:02:40]} Bc4 {[%emt 0:00:08]} 34. bxc3 {[%emt 0:01:08]} Bxe2 {[%emt 0:00:05]} 35. Qxe2 {[%emt 0:00:05]} bxc3 {[%emt 0:00:07]} 36. h3 {[%emt 0:00:07]} Rxf2 {[%emt 0:00:12]} 0-1

[Event "WCCC U10 2019"]
[Site "Weifang"]
[Date "2019.08.30"]
[Round "9.9"]
[White "Woodward, Andy"]
[Black "Han, Johnathan"]
[Result "0-1"]
[WhiteElo "1522"]
[BlackElo "1579"]
[Annotator "NA"]
[PlyCount "102"]
[EventDate "2019.08.21"]
[EventType "swiss"]
[EventCountry "CHN"]
[SourceTitle "playchess.com"]
[Source "ChessBase"]
[SourceQuality "1"]
[TimeControl "40/5400+30:1800+30"]

1. d4 {[%emt 0:00:00]} Nf6 {[%emt 0:00:00]} 2. c4 {[%emt 0:00:00]} e6 {[%emt 0:00:00]} 3. Nc3 {[%emt 0:00:00]} Bb4 {[%emt 0:00:33]} 4. Qc2 {[%emt 0:00:00]} c5 {[%emt 0:00:32]} 5. dxc5 {[%emt 0:00:00]} O-O {[%emt 0:00:34]} 6. Nf3 {[%emt 0:00:09]} Na6 {[%emt 0:00:37]} 7. a3 {[%emt 0:00:20]} Bxc3+ {[%emt 0:02:02]} 8. Qxc3 {[%emt 0:00:03]} Nxc5 {[%emt 0:00:35]} 9. b4 {[%emt 0:00:12]} Nce4 {[%emt 0:00:52]} 10. Qd4 {[%emt 0:01:09]} a5 {[%emt 0:13:34]} 11. Bb2 {[%emt 0:05:48]} Qe7 {[%emt 0:01:31]} 12. b5 {[%emt 0:02:41]} Nc5 {[%emt 0:02:10]} 13. Qc3 {[%emt 0:06:17]} b6 {[%emt 0:04:16]} 14. a4 {[%emt 0:04:00]} Bb7 {[%emt 0:01:40]} 15. e3 {[%emt 0:03:27]} Rac8 {[%emt 0:02:46]} 16. Be2 {[%emt 0:07:23]} d5 {[%emt 0:02:25]} 17. Ne5 {[%emt 0:14:24]} Nce4 {[%emt 0:10:19]} 18. Qa3 {[%emt 0:08:08]} Qxa3 {[%emt 0:06:47]} 19. Bxa3 {[%emt 0:00:03]} Rfd8 {[%emt 0:00:25]} 20. f3 {[%emt 0:03:32]} Nc5 {[%emt 0:07:48]} 21. Bxc5 {[%emt 0:03:20]} Rxc5 {[%emt 0:00:11]} 22. O-O {[%emt 0:01:12]} Kf8 {[%emt 0:05:16]} 23. Rfd1 {[%emt 0:02:27]} Ke7 {[%emt 0:01:08]} 24. Rac1 {[%emt 0:06:37]} Rdc8 {[%emt 0:02:56]} 25. f4 {[%emt 0:06:53]} Ne4 {[%emt 0:06:17]} 26. Bf3 {[%emt 0:01:25]} Nd6 {[%emt 0:01:10]} 27. Rc2 {[%emt 0:14:32]} f6 {[%emt 0:01:05]} 28. Nd3 {[%emt 0:00:50]} Rxc4 {[%emt 0:00:09]} 29. Rxc4 {[%emt 0:00:37]} Rxc4 {[%emt 0:00:13]} 30. Rc1 {[%emt 0:00:07]} Rxc1+ {[%emt 0:00:24]} 31. Nxc1 {[%emt 0:00:02]} Nc4 {[%emt 0:00:07]} 32. Nd3 {[%emt 0:00:58]} Nxe3 {[%emt 0:00:12]} 33. Nb2 {[%emt 0:00:08]} Kd6 {[%emt 0:00:42]} 34. Kf2 {[%emt 0:00:06]} Nc2 {[%emt 0:00:21]} 35. Nd3 {[%emt 0:00:18]} Nb4 {[%emt 0:01:34]} 36. Nxb4 {[%emt 0:00:33]} axb4 {[%emt 0:00:06]} 37. Ke3 {[%emt 0:00:06]} Kc5 {[%emt 0:00:05]} 38. Kd3 {[%emt 0:00:05]} e5 {[%emt 0:00:35]} 39. fxe5 {[%emt 0:00:22]} fxe5 {[%emt 0:00:06]} 40. Bg4 {[%emt 0:00:22]} e4+ {[%emt 0:00:16]} 41. Kc2 {[%emt 0:30:08]} d4 {[%emt 0:30:30]} 42. Kb3 {[%emt 0:00:06]} Bd5+ {[%emt 0:00:08]} 43. Kb2 {[%emt 0:00:07]} d3 {[%emt 0:00:09]} 44. Kc1 {[%emt 0:00:09]} e3 {[%emt 0:00:58]} 45. g3 {[%emt 0:00:09]} b3 {[%emt 0:00:26]} 46. h4 {[%emt 0:00:16]} b2+ {[%emt 0:00:15]} 47. Kb1 {[%emt 0:00:21]} e2 {[%emt 0:00:07]} 48. Kxb2 {[%emt 0:00:08]} e1=Q {[%emt 0:00:07]} 49. h5 {[%emt 0:00:08]} Qd2+ {[%emt 0:00:08]} 50. Kb1 {[%emt 0:00:05]} Qc2+ {[%emt 0:00:05]} 51. Ka1 {[%emt 0:00:03]} Qa2# {[%emt 0:00:10]} 0-1